Unsere postmoderne Moderne
| Main Author: | |
|---|---|
| Format: | Print Book |
| Language: | German |
| Subito Delivery Service: | Order now. |
| Check availability: | HBZ Gateway |
| WorldCat: | WorldCat |
| Interlibrary Loan: | Interlibrary Loan for the Fachinformationsdienste (Specialized Information Services in Germany) |
| Published: |
Berlin
Akademie Verlag
1993
|
| In: | Year: 1993 |
| Edition: | 4. Aufl. |
| Series/Journal: | Acta humaniora
|
| Standardized Subjects / Keyword chains: | B
The Postmodern
B Lyotard, Jean-François 1924-1998 / The Postmodern |
| Further subjects: | B
Postmodernism
B Collection of essays B Aesthetics, Modern 20th century B Modernism (Aesthetics) B The Modern B The Postmodern |
| Online Access: |
Table of Contents |
MARC
| LEADER | 00000cam a2200000 c 4500 | ||
|---|---|---|---|
| 001 | 128763655 | ||
| 003 | DE-627 | ||
| 005 | 20251222201309.0 | ||
| 007 | tu | ||
| 008 | 931103s1993 gw ||||| 00| ||ger c | ||
| 015 | |a 93,N45,0027 |2 dnb | ||
| 015 | |a 94,A08,0128 |2 dnb | ||
| 016 | 7 | |a 931260442 |2 DE-101 | |
| 020 | |a 3050023783 |c (kart.) |9 3-05-002378-3 | ||
| 035 | |a (DE-627)128763655 | ||
| 035 | |a (DE-576)037100602 | ||
| 035 | |a (DE-599)DNB931260442 | ||
| 035 | |a (OCoLC)611652599 | ||
| 040 | |a DE-627 |b ger |c DE-627 |e rakwb | ||
| 041 | |a ger | ||
| 044 | |c XA-DE | ||
| 050 | 0 | |a BH301.M54 | |
| 082 | 0 | |a 700.94 | |
| 082 | 0 | |a 149.9 | |
| 084 | |a 10 |2 sdnb | ||
| 084 | |a 9,11 |2 ssgn | ||
| 084 | |a 1 |2 ssgn | ||
| 084 | |a CC 8200 |2 rvk |0 (DE-625)rvk/17701: | ||
| 084 | |a LH 65827 |2 rvk |0 (DE-625)rvk/94562:13111 | ||
| 084 | |a CC 6900 |2 rvk |0 (DE-625)rvk/17665: | ||
| 084 | |a MR 7100 |2 rvk |0 (DE-625)rvk/123539: | ||
| 084 | |a CI 5880 |2 rvk |0 (DE-625)rvk/18498:11599 | ||
| 084 | |a 20.06 |2 bkl | ||
| 100 | 1 | |0 (DE-588)128555343 |0 (DE-627)374718598 |0 (DE-576)216098831 |4 aut |a Welsch, Wolfgang |d 1946- | |
| 109 | |a Welsch, Wolfgang 1946- |a Velšs, Volfgangs 1946- |a Verushu, Vorufugangu 1946- | ||
| 245 | 1 | 0 | |a Unsere postmoderne Moderne |c Wolfgang Welsch |
| 250 | |a 4. Aufl. | ||
| 264 | 1 | |a Berlin |b Akademie Verlag |c 1993 | |
| 300 | |a XVIII, 344 Seiten |b Ill. | ||
| 336 | |a Text |b txt |2 rdacontent | ||
| 337 | |a ohne Hilfsmittel zu benutzen |b n |2 rdamedia | ||
| 338 | |a Band |b nc |2 rdacarrier | ||
| 490 | 0 | |a Acta humaniora | |
| 583 | 1 | |a Archivierung prüfen |c 20240324 |f DE-4165 |z 2 |2 pdager | |
| 650 | 0 | |a Modernism (Aesthetics) | |
| 650 | 0 | |a Postmodernism | |
| 650 | 0 | |a Aesthetics, Modern |y 20th century | |
| 650 | 0 | 7 | |0 (DE-588)4039827-4 |0 (DE-627)104658711 |0 (DE-576)209036745 |a Moderne |2 gnd |
| 650 | 0 | 7 | |0 (DE-588)4115604-3 |0 (DE-627)104288515 |0 (DE-576)20949462X |a Postmoderne |2 gnd |
| 655 | 7 | |a Aufsatzsammlung |0 (DE-588)4143413-4 |0 (DE-627)105605727 |0 (DE-576)209726091 |2 gnd-content | |
| 689 | 0 | 0 | |d s |0 (DE-588)4115604-3 |0 (DE-627)104288515 |0 (DE-576)20949462X |2 gnd |a Postmoderne |
| 689 | 0 | |5 DE-101 | |
| 689 | 1 | 0 | |d p |0 (DE-588)118575589 |0 (DE-627)035234059 |0 (DE-576)209020318 |2 gnd |a Lyotard, Jean-François |d 1924-1998 |
| 689 | 1 | 1 | |d s |0 (DE-588)4115604-3 |0 (DE-627)104288515 |0 (DE-576)20949462X |2 gnd |a Postmoderne |
| 689 | 1 | |5 DE-101 | |
| 689 | 2 | 0 | |d s |0 (DE-588)4115604-3 |0 (DE-627)104288515 |0 (DE-576)20949462X |2 gnd |a Postmoderne |
| 689 | 2 | |5 (DE-627) | |
| 856 | 4 | 2 | |u https://swbplus.bsz-bw.de/bsz037100602inh.htm |m V:DE-576 |v 2008-07-17 |3 Inhaltsverzeichnis |7 1 |
| 935 | |i Blocktest | ||
| 936 | r | v | |a CC 8200 |b Abhandlungen |k Philosophie |k Systematische Philosophie |k Geschichts- und Kulturphilosophie |k Abhandlungen |0 (DE-627)1270639277 |0 (DE-625)rvk/17701: |0 (DE-576)200639277 |
| 936 | r | v | |a LH 65827 |b Kunst nach 1945 (verschiedene Richtungen) |k Kunstgeschichte |k Allgemeines. Allgemeine Kunstgeschichte |k Allgemeine Kunstgeschichte: Darstellungen |k Darstellungen einzelner Epochen |k Mittlere und neuere Kunstgeschichte |k Neuzeit |k 19. und 20. Jahrhundert |k 20. Jahrhundert |k Kunst nach 1945 (verschiedene Richtungen) |0 (DE-627)1270636480 |0 (DE-625)rvk/94562:13111 |0 (DE-576)200636480 |
| 936 | r | v | |a CC 6900 |b Abhandlungen zur Ästhetik und Kunstphilosophie |k Philosophie |k Systematische Philosophie |k Ästhetik und Kunstphilosophie |k Abhandlungen zur Ästhetik und Kunstphilosophie |0 (DE-627)1270699040 |0 (DE-625)rvk/17665: |0 (DE-576)200699040 |
| 936 | r | v | |a MR 7100 |b Kultursystem, Kulturbegriff (auch theoretische Kulturanthropologie) und Kulturvergleich; Kultursoziologie allgemein |k Soziologie |k Sozialwissenschaftliche Theorien und Methoden |k Kulturelle Ansätze |k Kultursystem, Kulturbegriff (auch theoretische Kulturanthropologie) und Kulturvergleich; Kultursoziologie allgemein |0 (DE-627)1270917625 |0 (DE-625)rvk/123539: |0 (DE-576)200917625 |
| 936 | r | v | |a CI 5880 |b Gesamtausgaben, Werke, Gesammelte Werke |k Philosophie |k Geschichte der Philosophie |k Geschichte der Philosophie des Abendlandes von Antike bis 20. Jahrhundert |k Philosophie des 20. Jahrhunderts |k Frankreich und französischsprachige Länder sowie Rumänien |k Autoren |k Lyotard, Jean-François |k Gesamtausgaben, Werke, Gesammelte Werke |0 (DE-627)1270649612 |0 (DE-625)rvk/18498:11599 |0 (DE-576)200649612 |
| 936 | b | k | |a 20.06 |j Kunstphilosophie |j Kunsttheorie |0 (DE-627)10641433X |
| 951 | |a BO | ||
| ACO | |a 1 | ||
| BIB | |a 1 | ||
| ELC | |b 1 | ||
| ITA | |a 1 | ||
| LOK | |0 000 xxxxxcx a22 zn 4500 | ||
| LOK | |0 001 3222004609 | ||
| LOK | |0 003 DE-627 | ||
| LOK | |0 004 128763655 | ||
| LOK | |0 005 20020411000000 | ||
| LOK | |0 008 960129||||||||||||||||ger||||||| | ||
| LOK | |0 040 |a DE-21-108 |c DE-627 |d DE-21-108 | ||
| LOK | |0 092 |o l | ||
| LOK | |0 541 |e 257/96 | ||
| LOK | |0 852 |a DE-21-108 | ||
| LOK | |0 852 1 |c HK 410.025 |m p |9 00 | ||
| LOK | |0 936ln |0 1297542665 |a HK 410 | ||
| LOK | |0 938 |k p | ||
| LOK | |0 939 |a 29-01-96 |b l01 | ||
| LOK | |0 000 xxxxxcx a22 zn 4500 | ||
| LOK | |0 001 3222004617 | ||
| LOK | |0 003 DE-627 | ||
| LOK | |0 004 128763655 | ||
| LOK | |0 005 20100407172330 | ||
| LOK | |0 008 041026||||||||||||||||ger||||||| | ||
| LOK | |0 040 |a DE-21-22 |c DE-627 |d DE-21-22 | ||
| LOK | |0 541 |e 94/572 | ||
| LOK | |0 689 |a s |0 1310475032 |a Kunst |x 20. Jh. |x 80er/90er Jahre | ||
| LOK | |0 689 |a s |0 1310475008 |a Postmoderne | ||
| LOK | |0 852 |a DE-21-22 | ||
| LOK | |0 852 1 |c AC 447 g / 12 |m p |9 00 | ||
| LOK | |0 935 |a k022 | ||
| LOK | |0 938 |k p | ||
| LOK | |0 939 |a 26-10-04 |b l01 | ||
| LOK | |0 000 xxxxxcx a22 zn 4500 | ||
| LOK | |0 001 3222004625 | ||
| LOK | |0 003 DE-627 | ||
| LOK | |0 004 128763655 | ||
| LOK | |0 005 20151116135557 | ||
| LOK | |0 008 150728||||||||||||||||ger||||||| | ||
| LOK | |0 035 |a (DE-21-110)kd18593 | ||
| LOK | |0 040 |a DE-21-110 |c DE-627 |d DE-21-110 | ||
| LOK | |0 689 |a s |a Postmoderne | ||
| LOK | |0 689 |a s |a Modernitätstheorie | ||
| LOK | |0 852 |a DE-21-110 | ||
| LOK | |0 852 1 |c Q I 165 |m p |9 00 | ||
| LOK | |0 935 |a k110 | ||
| LOK | |0 938 |k p | ||
| LOK | |0 939 |a 28-07-15 |b l01 | ||
| LOK | |0 000 xxxxxcx a22 zn 4500 | ||
| LOK | |0 001 3222005613 | ||
| LOK | |0 003 DE-627 | ||
| LOK | |0 004 128763655 | ||
| LOK | |0 005 20190311233917 | ||
| LOK | |0 008 190311||||||||||||||||ger||||||| | ||
| LOK | |0 035 |a (DE-Tue135-1)50604 | ||
| LOK | |0 040 |a DE-Tue135-1 |c DE-627 |d DE-Tue135-1 | ||
| LOK | |0 852 |a DE-Tue135-1 | ||
| LOK | |0 852 1 |c DO13298 |m p |9 00 | ||
| LOK | |0 852 2 |b F 66 |9 00 | ||
| LOK | |0 935 |a iMON | ||
| LOK | |0 938 |k p | ||
| LOK | |0 938 |l Postmoderne - Lyotard, Jean-François; Postmoderne |8 0 | ||
| LOK | |0 938 |l Dogmatik |8 0 | ||
| LOK | |0 939 |a 11-03-19 |b l12 | ||
| ORI | |a SA-MARC-ixtheoa001.raw | ||
| REL | |a 1 | ||
| STA | 0 | 0 | |a The Modern,The Modern,Modern age,Modernity,The Postmodern,Postmodern age,Postmodernity |
| STB | 0 | 0 | |a Modernité,Modernité,Époque moderne,Époque moderne,Époque moderne (motif),Époque moderne,Postmodernisme |
| STC | 0 | 0 | |a Modernidad,Modernidad,Postmodernidad |
| STD | 0 | 0 | |a Modernità <motivo>,Modernità,Moderno,Moderno,Moderno (motivo),Moderno,Postmoderno |
| STE | 0 | 0 | |a 后现代主义,现代性 |
| STF | 0 | 0 | |a 後現代主義,現代性 |
| STG | 0 | 0 | |a Modernidade,Modernidade,Pós-modernidade |
| STH | 0 | 0 | |a Постмодернизм,Эпоха Модерна (мотив),Эпоха Модерна |
| STI | 0 | 0 | |a Μεταμοντερνισμός,Το Μοντέρνο (μοτίβο),Το Μοντέρνο |
| SUB | |a BIB |a REL | ||
| SYE | 0 | 0 | |a Avantgarde , Postmodernismus,Postmodernismus |
| SYG | 0 | 0 | |a Postmodernismus,Postmodernismus , Lyotard, J. F.,1924-1998,Lyotard, Jean F.,1924-1998,Liotar, Zhan-Fransoa,1924-1998 , Postmodernismus,Postmodernismus , Postmodernismus,Postmodernismus |



